Statistics for Top 30 CBC Shows (IMDB)

Click here to take the quiz!

General Stats

  • This quiz has been taken 5 times
    (2 since last reset)
  • The average score is 7 of 30

Answer Stats

ShowYear(s)IMDB% Correct
Hockey Night in Canada1952-Present9.4
100%
Mr. Dressup1967-19969.1
100%
Anne of Green Gables19858.5
50%
Anne with an E2017-20198.6
50%
Degrassi High1989-19918.1
50%
Fraggle Rock1983-19877.9
50%
Heartland2007-Present8.5
50%
Schitt's Creek2015-20208.5
50%
The Friendly Giant1958-19858.4
50%
The Industry1998-20038.0
50%
The Kids of Degrassi Street1979-19867.8
50%
Canada: A People's History2000-20018.8
0%
Da Vinci's Inquest1998-20058.1
0%
Fortier2000-20048.0
0%
Intelligence2006-20078.1
0%
Kenny vs. Spenny2003-20048.1
0%
Kim's Convenience2016-20218.2
0%
Murdoch Mysteries2013-Present8.2
0%
Nanalan'1999-20047.9
0%
North of 601992-19978.4
0%
Seeing Things1981-19877.9
0%
Sharon, Lois & Bram's Elephant Show1984-19898.0
0%
The Book of Negroes20157.8
0%
The Kids in the Hall1988-19958.4
0%
The Newsroom1996-20058.0
0%
The Odyssey1992-19948.0
0%
This Is Wonderland2004-20068.1
0%
Twitch City1998-20008.5
0%
Wind at My Back1996-20017.8
0%
Workin' Moms2017-20237.8
0%

Score Distribution

Percentile by Number Answered

Percent of People with Each Score

Your Score History

You have not taken this quiz since the last reset